Market leader: intermediate business English practice file
Uloženo v:
| Hlavní autor: | |
|---|---|
| Médium: | Kniha |
| Jazyk: | angličtina |
| Vydáno: |
Essex
Pearson Education Limited
2005
|
| Vydání: | 2a. ed |
| Témata: | |
| Tagy: |
Přidat tag
Žádné tagy, Buďte první, kdo vytvoří štítek k tomuto záznamu!
|
MARC
| LEADER | 00000cam a2200000 a 4500 | ||
|---|---|---|---|
| 001 | UCF1230 | ||
| 003 | CL-VaPUC | ||
| 008 | 120629e20050000UK |||||||||||||||||eng|d | ||
| 020 | |a 0582838207 | ||
| 082 | 0 | 4 | |a 428 |b ROG |2 21 |
| 100 | 0 | |a Rogers, John |e author |9 562827 | |
| 245 | 1 | 0 | |a Market leader: intermediate business English practice file |
| 250 | |a 2a. ed | ||
| 300 | |a 110 p | ||
| 942 | |c BK | ||
| 945 | |d 20120629 00:00:00 |a cmena | ||
| 260 | |a Essex |b Pearson Education Limited |c 2005 | ||
| 500 | |a Incluye: Practice file CD | ||
| 650 | 0 | |a Enseñanza del inglés |9 367340 | |
| 650 | 0 | |a Inglés comercial |9 323356 | |
| 650 | 0 | |a Métodos de enseñanza |9 270413 | |
| 650 | 0 | |a Libros de texto |9 270019 | |
| 650 | 7 | |a ENSEÑANZA PROGRAMADA |2 CL-VaPUC |9 263217 | |
| 583 | |a last modification |c 20120629 12:35:00 |k Rodrigo Vera | ||
| 999 | |c 348120 |d 348118 | ||
| 952 | |0 0 |1 0 |4 0 |6 428_000000000000000_ROG_2005 |7 0 |8 A |9 450005 |a BIBGIM |b BIBGIM |d 2019-11-22 |i 4879422 |o 428 ROG 2005 |p 4879422 |r 2025-01-15 |w 2019-11-22 |y BK |k COM | ||
| 952 | |0 0 |1 0 |4 0 |6 428_000000000000000_ROG_2005 |7 0 |8 A |9 450006 |a BIBGIM |b BIBGIM |d 2019-11-22 |i 4879430 |o 428 ROG 2005 |p 4879430 |r 2025-01-15 |w 2019-11-22 |y BK |k COM | ||